00983nam a22002657a 45000010005000000030006000050050017000110080041000280200018000690400029000870500014001160820012001301000017001422450043001592500053002022600037002553000043002924900035003355050008003705200222003785210020006005210020006206500048006407000029006885483FISKH20241210143523.0241210b cb ||||| |||| 00| 0 eng d a9780545071277 aFISKHbengcFISKHdFISKH aPZ7.N5897 a823.914 aNimmo, Jenny aThe chestnut soldier /cby Jenny Nimmo aFirst Scholastic paperback edition, January 2009 aNew York : bScholastic ;c1989. a203 pages : billustrations ;c20 cm . aThe magic trilogyvBook three  aW  aTo purge the anger from an ancient Welsh demonic god that he had helped release, and to soothe a moody, troubled soldier, Gwyn Griffiths draws on the strength of his namesake and ancestor in Welsh magic, Gwydion Gwyn.8 a860 bLexile 8 aW bRaz-Plus  aThe Magician TrilogyvJuveniile literature  aDorman, BrandoneEditor